Bir sosyal demokrasi deneyi (Record no. 2467)

MARC details
000 -BAŞLIK
Sabit Uzunlukta Kontrol Alanı 01022na a2200289 4500
001 - KONTROL NUMARASI
Denetim Alanı 23212
003 - KONTROL NUMARASI IDENTIFIER
Denetim Alanı MIRAKIL
005 - SON İŞLEM TARİHİ VE ZAMANI
Denetim Alanı 20181213154858.0
008 - SABİT-BOY VERİ ELEMANLARI - GENEL BİLGİLER
Sabit Uzunlukta Kontrol Alanı 181022b tu 000 0
040 ## - KATALOGLAMA KAYNAK
Orijinal Kataloglama Ajansı Milas
Kataloglama Dili tur
Metne Dönüştürmek Ajansı TR-AnCHP
041 ## - DİL KODU
Metin / Ses Parça Veya Ayrı Başlığın Dil Kodu tur
082 ## - DEWEY ONLU SINIFLANDIRMA NUMARASI
Sınıflandırma Numarası CHP 321.8
Ürün Numarası S26b 1978
090 ## - SINIFLAMA NUMARASI
Sınıflama Numarası CHP 321.8 S26b 1978
100 ## - ANA GİRİŞ - KİŞİSEL İSİM
Kişisel Ad Sarıibrahimoğlu, Selim
245 ## - BAŞLIK TABLOSU
Başlık Bir sosyal demokrasi deneyi
Başlığın Kalan İsveç sosyal demokrasisinin tarihsel evrimi
-- Türkiye'de CHP uygulamasının analizi
Sorumluluk Tablosu, Vb Selim Sarıibrahimoğlu
246 ## - UNVAN FORM VARYING
Başlık Doğru / Kısa Başlığı İsveç sosyal demokrasisinin tarihsel evrimi
246 ## - UNVAN FORM VARYING
Başlık Doğru / Kısa Başlığı Türkiye'de CHP uygulamasının analizi
260 ## - YAYIN, DAĞITIM, VB
Yayın, Dağıtım, Vb Yeri İstanbul
Yayıncı, Dağıtıcı, Vs Adı Ararat yayınevi
Yayın, Dağıtım, Vb Tarihi 1978
300 ## - FİZİKSEL TANIM
Kapsam 99 s.
Boyutlar 19 sm.
504 ## - KAYNAKÇA VB NOT
Kaynakça Vb Notu Kaynakça var.
650 ## - KONU KATMA GİRİŞ - TOPİKAL DÖNEM
Topikal Süreli Veya Coğrafi Ad Giriş Elemanı Sosyal demokrasi
Genel Alt Bölümü Türkiye
650 ## - KONU KATMA GİRİŞ - TOPİKAL DÖNEM
Topikal Süreli Veya Coğrafi Ad Giriş Elemanı Siyasi partiler
Genel Alt Bölümü Cumhuriyet Halk Partisi
650 ## - KONU KATMA GİRİŞ - TOPİKAL DÖNEM
Topikal Süreli Veya Coğrafi Ad Giriş Elemanı Siyaset ve yönetim
Genel Alt Bölümü Türkiye
740 ## - KATMA GİRİŞ - KONTROLSUZ İLGİLİ / ANALİTİK BAŞLIK
Kontrol Edilmeyen / İlgili Analitik Başlıktaki İsveç sosyal demokrasisinin tarihsel evrimi
740 ## - KATMA GİRİŞ - KONTROLSUZ İLGİLİ / ANALİTİK BAŞLIK
Kontrol Edilmeyen / İlgili Analitik Başlıktaki Türkiye'de CHP uygulamasının analizi
942 ## - EKLENDİ GİRİŞ ELEMANLARI (KOHA)
Sınıflandırma Veya Raf Düzeni Kaynak
Koha Öğesi Türü Books
999 ## - SİSTEM KONTROL NUMARALARI (KOHA)
Koha Biblionumber 2467
Koha Biblioitemnumber 2467
Holdings
Kullanım Kısıtlamaları Kalıcı Konum Mevcut Konum Edinme Tarihi Edinim Kaynak Toplam Check-Out'Lar Tam Çağrı Numarası Barkod Tarih Son Görülme İtibaren Geçerli Fiyatlar Koha Öğesi Türü
Kütüphane dışına çıkarılamaz CHP Kütüphanesi CHP Kütüphanesi 08/16/2017 Bağış   CHP 321.8 S26b 1978 017190 08/16/2017 08/16/2017 Books